000 01655nam a2200229Ia 4500
008 260220t1986||||xx |||||||||||||| ||spa||
040 _aPY-SlUNAC
_bspa
_erda
041 _aspa
082 _a621.313
_bM857m
245 0 _aMotores y máquinas
264 _aBarcelona :
_bCEAC,
_c℗1986.
300 _a1 volumen
520 _aEl libro "Motores y máquinas", publicado por CEAC en 1986, ofrece una visión integral sobre el funcionamiento y la clasificación de motores y máquinas, centrándose en su aplicación en diversas industrias. A lo largo de sus capítulos, se exploran los principios fundamentales de la termodinámica, la mecánica y la electricidad, proporcionando un marco teórico que respalda la comprensión de los diferentes tipos de motores, como los de combustión interna y los eléctricos. Además, se aborda la importancia del mantenimiento y la eficiencia energética, destacando las tecnologías emergentes y las innovaciones en el campo. El texto incluye ilustraciones y diagramas que facilitan la comprensión de los conceptos tratados, haciendo hincapié en la interrelación entre la teoría y la práctica. Este libro es una herramienta valiosa tanto para estudiantes como para profesionales del área de la ingeniería, ya que fomenta un entendimiento profundo sobre el diseño, la operación y la optimización de motores y máquinas en un contexto industrial.
653 _aIngeniería mecánica
653 _aMáquinas
653 _aTecnología
942 _b2026/02/17
_cBK
999 _c8553
_d8553